[Event "Bundesliga 2021-22"]
[Site "Aachen GER"]
[Date "2022.05.14"]
[Round "7.6"]
[Board "2"]
[White "Haria, Ravi"]
[Black "Saric, Ivan"]
[Result "1/2-1/2"]
[WhiteTitle "GM"]
[BlackTitle "GM"]
[WhiteElo "2499"]
[BlackElo "2687"]
[WhiteTeam "Duesseldorfer SK"]
[BlackTeam "Muenchener Schachclub 1836"]
[WhiteFideId "415820"]
[BlackFideId "14508150"]
[EventDate "2022.03.05"]

1. e4 c5 2. c3 Nf6 3. e5 Nd5 4. Nf3 d6 5. exd6 e6 6. g3 Bxd6 7. Bg2 O-O 8. O-O
a6 9. d4 cxd4 10. Nxd4 Nf6 11. c4 Qc7 12. Nb3 Nbd7 13. Qe2 Rb8 14. Nc3 b6 15.
Rd1 Be5 16. Nd4 Bb7 17. Nf3 Bxc3 18. bxc3 Rfe8 19. Ba3 Nc5 20. Qe5 Qxe5 21. Nxe5
Bxg2 22. Kxg2 Nfe4 23. Bxc5 bxc5 24. Rab1 Nxc3 25. Rxb8 Rxb8 26. Rd6 a5 27. Ra6
a4 28. Nd7 Rc8 29. Nxc5 g5 30. Nxa4 Rxc4 31. Nxc3 Rxc3 32. a4 1/2-1/2

[Event "Bundesliga 2021-22"]
[Site "Aachen GER"]
[Date "2022.05.14"]
[Round "7.6"]
[Board "3"]
[White "Indjic, Aleksandar"]
[Black "Orlov, Andrey"]
[Result "0-1"]
[WhiteTitle "GM"]
[BlackTitle "GM"]
[WhiteElo "2605"]
[BlackElo "2491"]
[WhiteTeam "Muenchener Schachclub 1836"]
[BlackTeam "Duesseldorfer SK"]
[WhiteFideId "911925"]
[BlackFideId "4125282"]
[EventDate "2022.03.05"]

1. d4 d5 2. c4 e6 3. Nc3 c6 4. e4 dxe4 5. Nxe4 Be7 6. Nf3 Nf6 7. Bd3 Nxe4 8.
Bxe4 Nd7 9. O-O O-O 10. Bc2 Re8 11. Qe2 Nf8 12. Rd1 f6 13. h4 Bd6 14. h5 Qe7 15.
Nh4 e5 16. Be3 e4 17. c5 Bc7 18. d5 f5 19. Nxf5 Bxf5 20. d6 Bxd6 21. cxd6 Qh4
22. h6 Nd7 23. Qc4+ Re6 24. Bb3 Kf8 25. Qc3 Rg6 26. hxg7+ Rxg7 27. Bd4 Rg6 28.
Bxa7 Qf6 29. Qxf6+ Nxf6 30. Bd4 Ke8 31. Rac1 Kd7 32. Kf1 Rf8 33. Rc3 Bg4 34. Re1
Rh6 35. Kg1 Rg6 36. Be5 h5 37. Kh2 Bf5 38. f3 h4 39. Bxf6 Rfxf6 40. fxe4 Bg4 41.
e5 Rf2 42. Kg1 Rxb2 43. Rc2 Rxc2 44. Bxc2 Rg5 45. Bb3 Be6 46. Re3 b5 47. Kh2 c5
48. Bxe6+ Kxe6 49. Kh3 c4 50. Re2 Rh5 51. Kg4 Rh8 52. Kf4 Rg8 53. Rb2 c3 54.
Rxb5 c2 55. Rc5 Rxg2 56. Rc7 h3 57. Kf3 Rd2 58. Ke3 h2 59. Kxd2 h1=Q 60. Re7+
Kd5 61. Kxc2 Qf3 62. Kb2 Qd3 63. a4 Qd4+ 64. Kb3 Qc4+ 65. Ka3 Qc3+ 66. Ka2 Qb4
67. a5 Qxa5+ 68. Kb3 Qb5+ 69. Ka3 Kd4 70. Ka2 Qb4 71. e6 Ke5 72. Rc7 Kxd6 73.
Rc2 Kxe6 74. Rc6+ Kd5 75. Rc2 Kd4 76. Rc1 Kd3 77. Rc8 Qa5+ 78. Kb1 Qb6+ 79. Kc1
Qg1+ 80. Kb2 Qg2+ 81. Ka3 Qb7 82. Rc1 Qb5 83. Rf1 Qc5+ 84. Kb3 Kd2 85. Ra1 Qb5+
86. Ka3 Qa5+ 87. Kb2 Qb4+ 88. Ka2 Kc2 0-1

[Event "Bundesliga 2021-22"]
[Site "Aachen GER"]
[Date "2022.05.14"]
[Round "7.6"]
[Board "4"]
[White "Berelowitsch, Alexander"]
[Black "Martinovic, Sasa"]
[Result "1/2-1/2"]
[WhiteTitle "GM"]
[BlackTitle "GM"]
[WhiteElo "2506"]
[BlackElo "2554"]
[WhiteTeam "Duesseldorfer SK"]
[BlackTeam "Muenchener Schachclub 1836"]
[WhiteFideId "14101440"]
[BlackFideId "14509792"]
[EventDate "2022.03.05"]

1. e4 e6 2. d4 d5 3. Nd2 c5 4. exd5 Qxd5 5. Ngf3 cxd4 6. Bc4 Qd6 7. O-O Nf6 8.
Nb3 Nc6 9. Nbxd4 Nxd4 10. Nxd4 Be7 11. c3 O-O 12. Re1 Bd7 13. Qf3 Rac8 14. Bf4
Qb6 15. Bb3 a5 16. a4 Bc6 17. Qe2 Kh8 18. Rad1 Rfd8 19. Nb5 Bxb5 20. Qxb5 Qxb5 1/2-1/2

[Event "Bundesliga 2021-22"]
[Site "Aachen GER"]
[Date "2022.05.14"]
[Round "7.6"]
[Board "5"]
[White "Horvath, Dominik"]
[Black "Levin, Felix"]
[Result "1-0"]
[WhiteTitle "IM"]
[BlackTitle "GM"]
[WhiteElo "2486"]
[BlackElo "2456"]
[WhiteTeam "Muenchener Schachclub 1836"]
[BlackTeam "Duesseldorfer SK"]
[WhiteFideId "1642561"]
[BlackFideId "4650905"]
[EventDate "2022.03.05"]

1. Nf3 d5 2. c4 e6 3. d4 Nf6 4. Nc3 Nbd7 5. Bf4 dxc4 6. e3 Nd5 7. Bxc4 Nxf4 8.
exf4 Nb6 9. Bd3 g6 10. h4 Bg7 11. h5 Bd7 12. Be4 c6 13. Ne5 Nd5 14. Qd2 Qe7 15.
Rh3 O-O-O 16. Na4 f6 17. Nxd7 Rxd7 18. Nc5 Rd6 19. h6 Bf8 20. Kf1 b6 21. Nd3 Nc7
22. Qc1 Qd7 23. a4 Rxd4 24. Bxc6 Qd6 25. Qc2 Bxh6 26. a5 Bxf4 27. axb6 axb6 28.
Ra7 Kd8 29. Nxf4 Qxf4 30. Rd3 Qd6 31. Rxd4 Qxd4 32. Ra3 Kc8 33. Bf3 Qc5 34. Rc3
Qb5+ 35. Kg1 Qd7 36. Qe4 Kd8 37. Qb7 Rf8 38. Qxb6 Rf7 39. Rc6 Ke8 40. Rd6 Qc8
41. Bb7 1-0

[Event "Bundesliga 2021-22"]
[Site "Aachen GER"]
[Date "2022.05.14"]
[Round "7.6"]
[Board "6"]
[White "Coenen, Michael"]
[Black "Berchtenbreiter, Maximilian"]
[Result "0-1"]
[WhiteTitle "FM"]
[BlackTitle "IM"]
[WhiteElo "2326"]
[BlackElo "2513"]
[WhiteTeam "Duesseldorfer SK"]
[BlackTeam "Muenchener Schachclub 1836"]
[WhiteFideId "4697367"]
[BlackFideId "24641120"]
[EventDate "2022.03.05"]

1. Nf3 g6 2. g3 Bg7 3. Bg2 e5 4. O-O d5 5. c4 c6 6. cxd5 cxd5 7. Qa4+ Nc6 8. d4
exd4 9. Na3 Ne7 10. Nb5 Nf5 11. Bf4 O-O 12. g4 Nh4 13. Nxh4 Qxh4 14. h3 Be6 15.
Nc7 Rad8 16. Qb5 Be5 17. Bxe5 Nxe5 18. Rad1 d3 19. Nxe6 fxe6 20. f4 a6 21. Qb6
dxe2 22. Qxe6+ Rf7 23. Qxe5 exf1=Q+ 24. Kxf1 Rxf4+ 25. Kg1 Qf6 26. Bxd5+ Kg7 27.
Qc7+ Kh6 28. Qxb7 Qe5 29. Qb3 Rd4 0-1

[Event "Bundesliga 2021-22"]
[Site "Aachen GER"]
[Date "2022.05.14"]
[Round "7.6"]
[Board "7"]
[White "Yankelevich, Lev"]
[Black "Harff, Marcel"]
[Result "1-0"]
[WhiteTitle "IM"]
[BlackTitle "FM"]
[WhiteElo "2459"]
[BlackElo "2359"]
[WhiteTeam "Muenchener Schachclub 1836"]
[BlackTeam "Duesseldorfer SK"]
[WhiteFideId "24684074"]
[BlackFideId "24621382"]
[EventDate "2022.03.05"]

1. d4 Nf6 2. c4 e6 3. Nc3 Bb4 4. Qc2 d5 5. a3 Bxc3+ 6. Qxc3 Ne4 7. Qc2 O-O 8.
Nf3 b6 9. e3 Bb7 10. cxd5 exd5 11. Bd3 Nd7 12. O-O a5 13. b3 f5 14. Bb2 c6 15.
Ne5 Nxe5 16. dxe5 Qg5 17. b4 c5 18. bxc5 Nxc5 19. f4 Qg6 20. Bb5 Rfc8 21. Bd4 a4
22. Rad1 Nb3 23. Qd3 Qe6 24. g4 Rf8 25. h3 Nc5 26. Qe2 Ra5 27. Rb1 Bc8 28. g5
Nb3 29. Rfd1 h6 30. h4 Rf7 31. Bxa4 Ba6 32. Qf3 Rxa4 33. Rxb3 b5 34. Kf2 Rc7 35.
Rd2 Kh7 36. Kg3 Rc1 37. Bb2 Rc5 38. Rb4 Bb7 39. Bd4 Rxb4 40. axb4 Rc4 41. Ra2
Rxb4 42. Ra7 Qc6 43. Qh5 Ra4 44. Qf7 Rxa7 45. e6 1-0

[Event "Bundesliga 2021-22"]
[Site "Aachen GER"]
[Date "2022.05.14"]
[Round "7.6"]
[Board "8"]
[White "Hainke, Guntram"]
[Black "Radovanovic, Nikola"]
[Result "1/2-1/2"]
[WhiteTitle "FM"]
[BlackTitle "IM"]
[WhiteElo "2302"]
[BlackElo "2419"]
[WhiteTeam "Duesseldorfer SK"]
[BlackTeam "Muenchener Schachclub 1836"]
[WhiteFideId "24619094"]
[BlackFideId "900087"]
[EventDate "2022.03.05"]

1. d4 Nf6 2. c4 g6 3. Nc3 Bg7 4. e4 d6 5. Be2 O-O 6. Nf3 Nbd7 7. O-O e5 8. Re1
c6 9. Rb1 a5 10. Bf1 exd4 11. Nxd4 Nc5 12. f3 Re8 13. Be3 Qc7 14. Qd2 Nfd7 15.
Kh1 Ne5 16. Nb3 Be6 17. Nxc5 dxc5 18. b3 Rad8 19. Qc2 Nd7 20. Rbd1 f5 21. Bg5
Ra8 22. exf5 Bxf5 1/2-1/2

[Event "Bundesliga 2021-22"]
[Site "Viernheim GER"]
[Date "2022.05.14"]
[Round "7.7"]
[Board "1"]
[White "Baldauf, Marco"]
[Black "Kryvoruchko, Yuriy"]
[Result "0-1"]
[WhiteTitle "GM"]
[BlackTitle "GM"]
[WhiteElo "2522"]
[BlackElo "2683"]
[WhiteTeam "SF Berlin"]
[BlackTeam "SC Viernheim"]
[WhiteFideId "4688210"]
[BlackFideId "14109182"]
[EventDate "2022.03.05"]

1. d4 Nf6 2. c4 e6 3. Nc3 d5 4. cxd5 exd5 5. Bg5 Bb4 6. e3 h6 7. Bxf6 Qxf6 8.
Qb3 Qd6 9. a3 Bxc3+ 10. Qxc3 Bf5 11. Nf3 O-O 12. Bd3 Bxd3 13. Qxd3 Nd7 14. O-O
Nb6 15. Rfc1 c6 16. Nd2 Qd7 17. Rc3 Rad8 18. Rd1 Rfe8 19. h3 Re7 20. Qc2 Rde8
21. Nb3 Nc4 22. Nc5 Qc8 23. a4 Nd6 24. Qe2 g6 25. Qg4 Qd8 26. h4 Ne4 27. Rb3 h5
28. Qf3 Nxc5 29. dxc5 Qa5 30. Rc1 Qxa4 31. Ra3 Qxh4 32. Rxa7 Qb4 33. Qf6 Re5 34.
Rca1 Rf5 35. Qc3 Qxc3 36. bxc3 Re4 37. R1a4 Rxa4 38. Rxa4 Re5 39. Rb4 Re4 40.
Rxb7 Rc4 41. Rb3 Rxc5 42. Kf1 Rb5 43. Ra3 Rb1+ 44. Ke2 Rb2+ 45. Kf3 Rc2 46. Kg3
Kg7 47. f3 Kf6 48. e4 dxe4 49. fxe4 c5 50. Kf3 Ke5 51. g3 g5 0-1

[Event "Bundesliga 2021-22"]
[Site "Viernheim GER"]
[Date "2022.05.14"]
[Round "7.7"]
[Board "2"]
[White "Korobov, Anton"]
[Black "Blohberger, Felix"]
[Result "1-0"]
[WhiteTitle "GM"]
[BlackTitle "GM"]
[WhiteElo "2695"]
[BlackElo "2504"]
[WhiteTeam "SC Viernheim"]
[BlackTeam "SF Berlin"]
[WhiteFideId "14105730"]
[BlackFideId "1632051"]
[EventDate "2022.03.05"]

1. e4 c6 2. Nc3 d5 3. Nf3 Bg4 4. Be2 e6 5. d4 Be7 6. h3 Bh5 7. exd5 Bxf3 8. Bxf3
cxd5 9. O-O Nc6 10. Re1 Nf6 11. Ne2 O-O 12. c3 b5 13. Nf4 Rc8 14. a3 Na5 15. Nd3
Nc4 16. a4 a6 17. Bf4 Qb6 18. b3 Nd6 19. Nc5 Nde4 20. Bxe4 dxe4 21. axb5 axb5
22. Ra6 Qd8 23. b4 Nd5 24. Bd2 e5 25. Rxe4 exd4 26. Rxd4 Bxc5 27. bxc5 Rxc5 28.
Bh6 Qc8 29. Qg4 Qxg4 30. Rxg4 g6 31. Bxf8 Kxf8 32. Rg5 f5 33. Rg3 Rxc3 34. Rxc3
Nxc3 35. Ra7 h5 36. h4 Ne2+ 37. Kf1 Nd4 38. Rd7 Ne6 39. Rb7 b4 40. Rxb4 Kf7 41.
Ke2 Kf6 42. f4 Kf7 43. Kd3 Kf6 44. Rb6 Kf7 45. g3 Nc5+ 46. Kd4 Nd7 47. Ra6 Nf6
48. Ke5 Ng4+ 49. Kd6 Nf6 50. Ra7+ Kf8 51. Ke6 Ng4 52. Rf7+ Kg8 53. Ke7 Nh6 54.
Rf6 Kg7 55. Rf8 Ng4 56. Rf7+ Kg8 57. Rf6 Kg7 58. Rf8 Nh6 59. Ra8 Ng4 60. Ke6 1-0

[Event "Bundesliga 2021-22"]
[Site "Viernheim GER"]
[Date "2022.05.14"]
[Round "7.7"]
[Board "3"]
[White "Sprenger, Jan Michael"]
[Black "Anton Guijarro, David"]
[Result "0-1"]
[WhiteTitle "GM"]
[BlackTitle "GM"]
[WhiteElo "2483"]
[BlackElo "2694"]
[WhiteTeam "SF Berlin"]
[BlackTeam "SC Viernheim"]
[WhiteFideId "4646258"]
[BlackFideId "2285525"]
[EventDate "2022.03.05"]

1. e4 c6 2. d4 d5 3. Nc3 dxe4 4. Nxe4 Nf6 5. Nxf6+ exf6 6. Bc4 Bd6 7. Qe2+ Be7
8. Nf3 O-O 9. O-O Bd6 10. Re1 a5 11. c3 Na6 12. Qe4 Nc7 13. Bd3 f5 14. Qh4 Qxh4
15. Nxh4 g6 16. Nf3 Be6 17. Ne5 Rfe8 18. Bd2 Nd5 19. a3 f6 20. Nc4 Bc7 21. b4 b6
22. bxa5 bxa5 23. a4 Kf7 24. Ne3 Nb6 25. Nd1 Bc4 26. Bc2 Bf4 27. Be3 Rab8 28. g3
Bd6 29. Nb2 Ba6 30. Nd3 Nd5 31. Bd2 Rxe1+ 32. Rxe1 Bc4 33. Rc1 Bb3 34. Kf1 g5
35. Bxb3 Rxb3 36. Ke2 Ra3 37. c4 Nb4 38. Bxb4 Bxb4 39. c5 Ke6 40. Nxb4 axb4 0-1

[Event "Bundesliga 2021-22"]
[Site "Viernheim GER"]
[Date "2022.05.14"]
[Round "7.7"]
[Board "4"]
[White "Fedorchuk, Sergey A."]
[Black "Jakubowski, Krzysztof"]
[Result "1-0"]
[WhiteTitle "GM"]
[BlackTitle "GM"]
[WhiteElo "2604"]
[BlackElo "2475"]
[WhiteTeam "SC Viernheim"]
[BlackTeam "SF Berlin"]
[WhiteFideId "14102536"]
[BlackFideId "1112848"]
[EventDate "2022.03.05"]

1. e4 c5 2. Nf3 d6 3. d4 cxd4 4. Nxd4 Nf6 5. Nc3 a6 6. Bg5 e6 7. f4 h6 8. Bh4
Qb6 9. a3 Nbd7 10. Bf2 Qc7 11. Bd3 b5 12. Qe2 Bb7 13. O-O-O Rc8 14. Rhe1 Nc5 15.
Kb1 Be7 16. g4 g5 17. fxg5 hxg5 18. Bg3 Qb6 19. e5 dxe5 20. Bxe5 Ncd7 21. Nf5
Nxe5 22. Qxe5 Rc5 23. Qe3 Qc7 24. Qxg5 Bf3 25. Be2 Rxh2 26. Bxf3 Rxc3 27. bxc3
Qxc3 28. Re2 Rxe2 29. Bxe2 Bxa3 30. Nd6+ Kf8 31. Qh6+ Kg8 32. Qg5+ Kf8 33. Qh6+
Ke7 34. Nc8+ Qxc8 35. Qe3 Bc5 36. Qe5 Nd7 37. Qg5+ Ke8 38. Qf4 Qb8 39. Qe4 Qe5
40. Qc6 Bd4 41. Bf3 b4 42. Qc4 Bc5 43. Bc6 Bd6 44. Qxa6 Kd8 45. Qa8+ 1-0

[Event "Bundesliga 2021-22"]
[Site "Viernheim GER"]
[Date "2022.05.14"]
[Round "7.7"]
[Board "5"]
[White "Hess, Max"]
[Black "Braun, Arik"]
[Result "0-1"]
[WhiteTitle "FM"]
[BlackTitle "GM"]
[WhiteElo "2392"]
[BlackElo "2587"]
[WhiteTeam "SF Berlin"]
[BlackTeam "SC Viernheim"]
[WhiteFideId "24656666"]
[BlackFideId "4663527"]
[EventDate "2022.03.05"]

1. d4 Nf6 2. c4 e6 3. Nf3 c5 4. d5 d6 5. Nc3 exd5 6. cxd5 g6 7. e4 a6 8. a4 Bg4
9. Be2 Bxf3 10. Bxf3 Bg7 11. O-O O-O 12. Bg5 Nbd7 13. Be2 Re8 14. Qc2 Qc7 15. f4
c4 16. Kh1 Rac8 17. Rad1 Qa5 18. Bh4 b5 19. axb5 axb5 20. Ra1 Qb6 21. Bf2 Nc5
22. e5 dxe5 23. fxe5 Rxe5 24. Bd4 Ree8 25. Nxb5 Qxb5 26. Bxf6 Bxf6 27. Rxf6 Ne4
28. Rf4 Nd6 29. Rd1 Re5 30. Bf3 Rce8 31. Qf2 Qxb2 32. Kg1 Qc3 33. h4 Re1+ 34.
Kh2 Qe5 35. Rxe1 Qxe1 36. Qc5 Qe7 37. h5 g5 38. Rd4 Rc8 39. Qb6 Qe5+ 40. Kh1 c3
41. Rd1 Qf4 42. Qg1 c2 43. Rc1 g4 0-1

[Event "Bundesliga 2021-22"]
[Site "Viernheim GER"]
[Date "2022.05.14"]
[Round "7.7"]
[Board "6"]
[White "Wagner, Dennis"]
[Black "Seyb, Alexander"]
[Result "1/2-1/2"]
[WhiteTitle "GM"]
[BlackTitle "IM"]
[WhiteElo "2584"]
[BlackElo "2427"]
[WhiteTeam "SC Viernheim"]
[BlackTeam "SF Berlin"]
[WhiteFideId "24650684"]
[BlackFideId "4699033"]
[EventDate "2022.03.05"]

1. d4 Nf6 2. c4 g6 3. Nc3 d5 4. cxd5 Nxd5 5. e4 Nxc3 6. bxc3 Bg7 7. Nf3 c5 8.
Be3 Qa5 9. Qd2 Nc6 10. Rb1 a6 11. Rc1 cxd4 12. cxd4 Qxd2+ 13. Kxd2 f5 14. e5 O-O
15. Bc4+ e6 16. Ke2 Bd7 17. h4 Rac8 18. h5 gxh5 19. Rxh5 b5 20. Bb3 Na5 21. Ng5
Nxb3 22. axb3 h6 23. Nf3 Bc6 24. Ra1 Bd5 25. Bxh6 Bxh6 26. Rxh6 Rc2+ 27. Nd2
Rfc8 28. Rah1 R8c3 29. Rh8+ Kg7 30. R1h7+ Kg6 31. Rh6+ Kg7 32. R8h7+ Kg8 33.
Rh8+ Kg7 34. R6h7+ Kg6 35. Rh6+ Kg7 36. R6h7+ 1/2-1/2

[Event "Bundesliga 2021-22"]
[Site "Viernheim GER"]
[Date "2022.05.14"]
[Round "7.7"]
[Board "7"]
[White "Thiede, Lars"]
[Black "Maze, Sebastien"]
[Result "0-1"]
[WhiteTitle "IM"]
[BlackTitle "GM"]
[WhiteElo "2400"]
[BlackElo "2527"]
[WhiteTeam "SF Berlin"]
[BlackTeam "SC Viernheim"]
[WhiteFideId "4607759"]
[BlackFideId "613762"]
[EventDate "2022.03.05"]

1. c4 Nf6 2. Nf3 e6 3. g3 d5 4. Bg2 c5 5. O-O Nc6 6. cxd5 exd5 7. d4 c4 8. b3
cxb3 9. Qxb3 Be7 10. Bg5 Na5 11. Qd3 O-O 12. Nc3 Be6 13. Rfc1 Rc8 14. Nd2 a6 15.
Rab1 Qd7 16. Bxf6 Bxf6 17. e3 Bf5 18. Qf1 Bxb1 19. Ndxb1 Qd6 20. Rd1 Nc6 21.
Bxd5 Rfd8 22. Bg2 Be7 23. h4 b5 24. a4 bxa4 25. Qxa6 Nxd4 26. Qxd6 Bxd6 27. Rxd4
Be5 28. Rxd8+ Rxd8 29. Bd5 a3 30. e4 Rb8 31. f4 Bd4+ 32. Kg2 Rb2+ 33. Kf3 Rf2+
34. Kg4 g6 35. h5 Bc5 36. hxg6 hxg6 37. Na2 Kg7 38. Nbc3 f6 39. Nb5 Rd2 40. Nc7
Kh6 41. f5 g5 42. Ne8 Bd4 43. Nd6 Rd1 44. Be6 Re1 45. Bd5 Re2 46. Kf3 Re3+ 47.
Kg4 Kg7 48. Nc4 Rd3 49. Nb4 Rb3 50. Na2 Bf2 51. e5 Rxg3+ 52. Kh5 Rd3 0-1

[Event "Bundesliga 2021-22"]
[Site "Viernheim GER"]
[Date "2022.05.14"]
[Round "7.7"]
[Board "8"]
[White "Heinemann, Josefine"]
[Black "Carmesin, Leon Lucas Finn"]
[Result "0-1"]
[WhiteTitle "WGM"]
[WhiteElo "2290"]
[BlackElo "1739"]
[WhiteTeam "SC Viernheim"]
[BlackTeam "SF Berlin"]
[WhiteFideId "12900460"]
[BlackFideId "34601155"]
[EventDate "2022.03.05"]

1. e4 e5 2. Nf3 Nc6 3. Bc4 Nf6 4. d3 Bc5 5. c3 d6 6. O-O h6 7. Re1 O-O 8. h3 Re8
9. Nbd2 Be6 10. b4 Bb6 11. a4 a5 12. b5 Nb8 13. Bxe6 Rxe6 14. d4 Nbd7 15. Bb2 d5
16. exd5 Nxd5 17. Nc4 e4 18. Nfe5 Nxe5 19. Nxe5 f5 20. Qb3 c6 21. g3 Bc7 22.
Rad1 Kh7 23. c4 Nb4 24. Nd3 Nxd3 25. Rxd3 Rg6 26. Rdd1 f4 27. Rxe4 fxg3 28. f3
g2 29. Qd3 Kh8 30. c5 Qd5 31. Re7 Rf6 32. Qe4 Qb3 33. Rd2 Rxf3 34. Rxg7 Kxg7 35.
d5+ Kf8 36. d6 Re8 37. dxc7 Rxe4 38. c8=Q+ Re8 39. Qd7 Rf1+ 0-1

[Event "Bundesliga 2021-22"]
[Site "Viernheim GER"]
[Date "2022.05.14"]
[Round "7.8"]
[Board "1"]
[White "Stern, Rene"]
[Black "Ragger, Markus"]
[Result "1/2-1/2"]
[WhiteTitle "GM"]
[BlackTitle "GM"]
[WhiteElo "2510"]
[BlackElo "2647"]
[WhiteTeam "SK Koenig Tegel"]
[BlackTeam "SG Solingen"]
[WhiteFideId "4611799"]
[BlackFideId "1610856"]
[EventDate "2022.03.05"]

1. Nf3 Nf6 2. c4 c5 3. Nc3 Nc6 4. d4 cxd4 5. Nxd4 e6 6. e4 Bc5 7. Nb3 Bb4 8. Bd3
O-O 9. O-O Ne5 10. Bg5 h6 11. Bh4 Ng6 12. Bg3 Bxc3 13. bxc3 e5 14. Re1 d6 15.
Rb1 Qc7 16. f3 Be6 17. Nd2 Rfd8 18. Bf2 Nd7 19. g3 Nc5 20. Bc2 Qa5 21. Re3 Qa6
22. Bb3 Rac8 23. Qe2 Qc6 24. Bc2 Nd7 25. Rd1 Nb6 26. Bb3 a5 27. a3 Nd7 28. Rb1
Rc7 29. Qd1 Nc5 30. Bc2 Qa6 31. Qf1 Rdc8 32. Ree1 Qc6 33. Rb5 Nd7 34. Reb1 b6
35. Bd3 Rb8 36. Be3 Nc5 37. Bc2 Bd7 38. Qf2 Rcb7 39. f4 Qc7 40. R5b2 Nf8 41. f5
Ba4 42. f6 Bxc2 43. Rxc2 Nh7 44. fxg7 Kxg7 45. Qe2 Qd7 46. Nf3 Qg4 47. Nh4 Qxe2
48. Rxe2 Nxe4 49. Bxh6+ Kxh6 50. Rxe4 Ng5 51. Re2 Rc7 52. Nf5+ Kg6 53. Nxd6 Rc6
54. Ne4 Ne6 55. Rb5 f6 56. Rf2 Ng5 57. Nxg5 Kxg5 58. Rf4 Rbc8 59. h4+ Kg6 60.
Rf3 Re6 61. c5 Rxc5 62. Rxc5 bxc5 63. Rd3 Kf5 64. Rd5 Rc6 65. Kf2 Ke4 66. c4 f5
67. g4 fxg4 68. Kg3 Kf5 69. Rd1 Rb6 70. Rf1+ Kg6 71. Kxg4 Rb3 72. h5+ Kg7 73.
Rf5 Rc3 74. Rxe5 Rxc4+ 75. Kg5 Rc3 76. h6+ Kg8 77. a4 Rc4 78. Re8+ Kh7 79. Re7+
Kh8 80. Re8+ Kh7 81. Re7+ 1/2-1/2

[Event "Bundesliga 2021-22"]
[Site "Viernheim GER"]
[Date "2022.05.14"]
[Round "7.8"]
[Board "2"]
[White "L'Ami, Erwin"]
[Black "Rabiega, Robert"]
[Result "1-0"]
[WhiteTitle "GM"]
[BlackTitle "GM"]
[WhiteElo "2621"]
[BlackElo "2505"]
[WhiteTeam "SG Solingen"]
[BlackTeam "SK Koenig Tegel"]
[WhiteFideId "1007998"]
[BlackFideId "4601475"]
[EventDate "2022.03.05"]

1. d4 d5 2. c4 Nc6 3. Nc3 dxc4 4. d5 Ne5 5. f4 Ng4 6. e4 e5 7. Nf3 Bc5 8. h3 Ne3
9. Bxe3 Bxe3 10. fxe5 Ne7 11. Bxc4 Ng6 12. h4 Bg4 13. Qa4+ c6 14. dxc6 O-O 15.
Nd5 Bxf3 16. c7 Qe8 17. Qxe8 Rfxe8 18. gxf3 Bf4 19. Bb5 Rxe5 20. Nxf4 Rxb5 21.
Rd1 Rf8 22. Rd8 Rc5 23. Nd5 1-0

[Event "Bundesliga 2021-22"]
[Site "Viernheim GER"]
[Date "2022.05.14"]
[Round "7.8"]
[Board "3"]
[White "Bruedigam, Martin"]
[Black "Warmerdam, Max"]
[Result "0-1"]
[WhiteTitle "IM"]
[BlackTitle "GM"]
[WhiteElo "2386"]
[BlackElo "2600"]
[WhiteTeam "SK Koenig Tegel"]
[BlackTeam "SG Solingen"]
[WhiteFideId "24608033"]
[BlackFideId "1048104"]
[EventDate "2022.03.05"]

1. e4 c5 2. Nf3 d6 3. d4 cxd4 4. Nxd4 Nf6 5. Bb5+ Nbd7 6. O-O e6 7. Re1 Be7 8.
c4 a6 9. Bxd7+ Bxd7 10. Qd3 Rc8 11. b3 O-O 12. Nc3 Qc7 13. Bb2 Rfd8 14. Qg3 e5
15. Nc2 Be6 16. Rac1 b5 17. cxb5 axb5 18. Nxb5 Qa5 19. Nc3 d5 20. exd5 Nxd5 21.
b4 Nxb4 22. Rxe5 Qc7 23. Nxb4 Bxb4 24. Ree1 Bd6 25. Qh4 Be7 26. Qe4 Qb8 27. Rb1
Rc4 28. Qe2 Rh4 29. g3 Rh6 30. Bc1 Qc8 31. Bxh6 Qxc3 32. Bf4 g5 33. Be5 Qc6 34.
Rec1 Qa8 35. Qb5 Qf3 36. Rc3 Qf5 37. Bc7 Rd1+ 0-1

[Event "Bundesliga 2021-22"]
[Site "Viernheim GER"]
[Date "2022.05.14"]
[Round "7.8"]
[Board "4"]
[White "Andersen, Mads"]
[Black "Fruebing, Stefan"]
[Result "1-0"]
[WhiteTitle "GM"]
[BlackTitle "IM"]
[WhiteElo "2570"]
[BlackElo "2374"]
[WhiteTeam "SG Solingen"]
[BlackTeam "SK Koenig Tegel"]
[WhiteFideId "1413864"]
[BlackFideId "4682165"]
[EventDate "2022.03.05"]

1. e4 e5 2. Nf3 Nc6 3. Bc4 Bc5 4. c3 Nf6 5. d3 O-O 6. O-O d5 7. exd5 Nxd5 8. Re1
Bg4 9. Nbd2 Nb6 10. h3 Bh5 11. Bb3 Qxd3 12. Nxe5 Qf5 13. Nef3 Rfe8 14. g4 Bxg4
15. hxg4 Qxg4+ 16. Kh1 Ne5 17. Nh2 Qg6 18. Bc2 Nd3 19. Bxd3 Qxd3 20. Nb3 Qxd1
21. Rxd1 Bxf2 22. Ng4 Re2 23. Kg2 Bh4+ 24. Kf3 Ree8 25. Rh1 Be7 26. Be3 f5 27.
Nf2 Nc4 28. Bf4 Nxb2 29. Nd4 Bc5 30. Rab1 Na4 31. Nd3 Bb6 32. Nxf5 Rad8 33. Ne5
Nxc3 34. Rb2 Bd4 35. Rd2 c5 36. Nxd4 cxd4 37. Rdh2 Rd5 38. Nd3 h6 39. Rh5 Rxh5
40. Rxh5 g5 41. Be5 Rf8+ 42. Kg4 Kh7 43. Rh2 Rf1 44. Bxd4 Rd1 45. Rh3 Nxa2 46.
Bxa7 Nc1 47. Ne5 Ne2 48. Rb3 Kg7 49. Rxb7+ Kf6 50. Nf3 Ra1 51. Rb6+ Kg7 52. Bb8
Ra4+ 53. Kf5 g4 54. Rb7+ Kg8 55. Ne5 Nd4+ 56. Kg6 Ra6+ 57. Kh5 g3 58. Rb2 Nc6
59. Nxc6 Rxc6 60. Bxg3 Kf7 61. Rb5 Rf6 62. Bh4 Rd6 63. Re5 Re6 64. Rd5 Rc6 65.
Re5 Re6 66. Rf5+ Ke8 67. Rd5 Rc6 68. Bg3 Ke7 69. Bf4 Rf6 70. Kg4 Ke6 71. Ra5
Rg6+ 72. Kf3 h5 73. Ke4 h4 74. Rh5 h3 75. Rxh3 Rf6 76. Be5 Rf7 77. Rh6+ Kd7 78.
Ra6 Ke8 79. Bf6 Rd7 80. Ke5 Kf7 81. Ra8 Rb7 82. Kf5 Rb5+ 83. Be5 Rb7 84. Rd8 Ke7
85. Bf6+ Kf7 86. Rh8 Rd7 87. Ke5 Rd1 88. Rh7+ Kg6 89. Rg7+ Kh5 90. Rg5+ Kh6 91.
Ke6 Rf1 92. Kf7 Rf4 93. Rb5 Ra4 94. Bg7+ 1-0

[Event "Bundesliga 2021-22"]
[Site "Viernheim GER"]
[Date "2022.05.14"]
[Round "7.8"]
[Board "5"]
[White "Mueller, Nick"]
[Black "Predojevic, Borki"]
[Result "1/2-1/2"]
[WhiteTitle "FM"]
[BlackTitle "GM"]
[WhiteElo "2375"]
[BlackElo "2585"]
[WhiteTeam "SK Koenig Tegel"]
[BlackTeam "SG Solingen"]
[WhiteFideId "24692093"]
[BlackFideId "930849"]
[EventDate "2022.03.05"]

1. Nf3 Nf6 2. c4 e6 3. g3 d5 4. b3 d4 5. Bg2 c5 6. e3 Nc6 7. exd4 cxd4 8. O-O
Bd6 9. d3 O-O 10. Bg5 h6 11. Bxf6 Qxf6 12. Nbd2 Qe7 13. Ne1 Rd8 14. Nc2 Nb4 15.
Ne1 Nc6 16. Nc2 Nb4 17. Ne1 Nc6 18. Nc2 1/2-1/2